书目信息 |
| 题名: |
两系杂交水稻理论与技术
|
|
| 作者: | 卢兴桂 , 顾铭洪 , 李成荃 编著 | |
| 分册: | ||
| 出版信息: | 北京 科学出版社 2001 |
|
| 页数: | 299页 | |
| 开本: | 26cm | |
| 丛书名: | "863"生物高技术丛书 | |
| 单 册: | ||
| 中图分类: | S511.035.1 | |
| 科图分类: | ||
| 主题词: | 水稻--杂交育种--研究 | |
| 电子资源: | ||
| ISBN: | 7-03-009171-X | |
| 000 | 00760nam0 2200241 45 | |
| 001 | 0303251550 | |
| 005 | 20031219104108.1 | |
| 010 | @a7-03-009171-X@dCNY45.00 | |
| 100 | @a20030325d2001 km y0chiy0120 ea | |
| 101 | 0 | @achi |
| 105 | @a z 000yy | |
| 200 | 1 | @a两系杂交水稻理论与技术@ALiang Xi Za Jiao Shui Dao Li Lun Yu Ji Shu@f卢兴桂,顾铭洪,李成荃编著@FLu Xing Gui,Gu Ming Hong,Li Cheng Quan Bian Zhu |
| 210 | @a北京@c科学出版社@d2001 | |
| 215 | @a299页@d26cm | |
| 225 | @a"863"生物高技术丛书 | |
| 410 | @12001 @a"863"生物高技术丛书 | |
| 606 | 0 | @a水稻@x杂交育种@x研究 |
| 690 | @aS511.035.1@v4 | |
| 701 | 0 | @a卢兴桂@4编著 |
| 701 | 0 | @a顾铭洪@4编著 |
| 701 | 0 | @a李成荃@4编著 |
| 801 | @aCN@bTSTC@c20030325 | |
| 905 | @b321590-591@dS511.035.1@e14@f2 | |
| 两系杂交水稻理论与技术/卢兴桂,顾铭洪,李成荃编著.-北京:科学出版社,2001 |
| 299页;26cm.-("863"生物高技术丛书) |
| ISBN 7-03-009171-X:CNY45.00 |
| ● |
| 相关链接 |
|
|
|
|
正题名:两系杂交水稻理论与技术
索取号:S511.035.1/14
 
预约/预借
| 序号 | 登录号 | 条形码 | 馆藏地/架位号 | 状态 | 备注 |
| 1 | 0321590 | 203215902 | 第三借阅区/ [索取号:S511.035.1/14] | 在馆 | |
| 2 | 0321591 | 203215911 | 第二样本阅览室/ [索取号:S511.035.1/14] | 在馆 |